00545nam a2200193Ia 4500008004100000020001700041082000800058100002500066245003800091250000600129260002900135300001400164500002400178650001200202700002300214942000700237952009000244999001700334230524s9999 xx 000 0 und d a978811289506 bZHA aHuaguang Zhan942114 0aFuzzy Modeling and Fuzzy Control  a1 aNew DelhibCengagec2008 a"X,413p;" aQuantity Number: 1 aComp-Sc a Derong Liu942115 cBK 00104070aTATCLbTATCLcGENd2023-05-24l0o ZHAp53942r2023-05-24w2023-05-24yBK c56517d56517